Statistics for Random Country Geography

Click here to take the quiz!

General Stats

  • This quiz has been taken 49 times
  • The average score is 6 of 15

Answer Stats

QuestionAnswer% Correct
Biggest country bordering the caribbean sea (By Land area)Mexico
79%
Which country have the biggest EconomyJapan
69%
Biggest country (by Population)Philippines
63%
Country with the least percentage of their area covered by forestIceland
54%
Country with the highest gdp per capitaDenmark
42%
Which country is not located on equatorVenezuela
42%
Country with the highest population densityPakistan
38%
Which country has no islandsIsrael
31%
Which country borders more than three countriesMalaysia
29%
Which country is not bigger than TexasFrance
27%
Which country have no hills or mountains over 100 meters tallGambia
25%
Country with the highest average elevationBhutan
23%
Countries with lowest population density in ScandinaviaNorway
21%
Biggest country in Central America (By land area)Nicaragua
19%
country with the largest land area, inside the Geographic balkan areaBulgaria
17%

Score Distribution

Percentile by Number Answered

Percent of People with Each Score

Your Score History

You have not taken this quiz